[Event "IMMORTALITY BECKONS"]
[Site "SchemingMind.com"]
[Date "2019.07.09"]
[Round "-"]
[White "kenneth m day"]
[Black "Steven DuCharme"]
[Result "1-0"]
[WhiteCountry "USA"]
[BlackCountry "USA"]
[WhiteElo "1720"]
[WhiteRD "51"]
[BlackElo "1538"]
[BlackRD "53"]
[GameID "443401"]

1. e4 c5 2. d4 cxd4 3. c3 e5 4. Nf3 dxc3 5. Nxc3 d6 6. Be2 Nf6 7. O-O Be7 8. Bg5 O-O 9. Rc1 a6 10. h3 Ne8
11. Bxe7 Qxe7 12. Nd5 Qd8 13. Qb3 Nd7 14. Rc2 b5 15. Rfc1 Bb7 16. Qe3 Bxd5 17. exd5 h6 18. Bd3 Nef6 19. Be4 Nxe4 20. Qxe4 f5
21. Qe1 Qf6 22. Rc7 Rfd8 23. R1c6 e4 24. Nd2 Nc5 25. b4 Nd3 26. Qb1 Qb2 27. Qxb2 Nxb2 28. Rb7 Nd3 29. Rcc7 Nxb4 30. Rxg7+ Kh8
31. Rh7+ Kg8 32. Rhg7+ Kh8 33. Rh7+ Kg8 34. Rbg7+ Kf8 35. Rg6 Nxd5 36. Rgxh6 Ne7 37. Rf6+ Ke8 38. Rff7 Ra7 39. Rxf5 Nxf5 40. Rxa7 d5
41. Rxa6 Nd4 42. Ra7 Rd7 43. Ra6 Rc7 44. Rh6 Rc1+ 45. Kh2 Rc2 46. Nb3 Nxb3 47. axb3 Rxf2 48. Rb6 e3 49. Re6+ Kd7 50. Rxe3 Kd6
51. Rd3 Kc5 52. h4 Rf8 53. Kh3 d4 54. h5 Rh8 55. Kh4
1-0

[Event "IMMORTALITY BECKONS"]
[Site "SchemingMind.com"]
[Date "2019.08.11"]
[Round "-"]
[White "Helga1946"]
[Black "kenneth m day"]
[Result "1-0"]
[WhiteCountry "GER"]
[BlackCountry "USA"]
[WhiteElo "2175"]
[WhiteRD "72"]
[BlackElo "1720"]
[BlackRD "51"]
[GameID "444564"]

1. e4 e5 2. Nf3 Nc6 3. Bb5 a6 4. Bxc6 dxc6 5. d3 Bd6 6. h3 Nf6 7. Bg5 O-O 8. Nbd2 Re8 9. Nc4 b5 10. Ncd2 h6
11. Bh4 g5 12. Bg3 Nh5 13. a3 Nxg3 14. fxg3 Bc5 15. Qe2 Be6 16. O-O-O f6 17. Nh2 a5 18. Qh5 Kh7 19. Ng4 Bxg4 20. Qf7+ Kh8
21. hxg4 Bf8 22. Rxh6+
1-0

[Event "IMMORTALITY BECKONS"]
[Site "SchemingMind.com"]
[Date "2019.08.10"]
[Round "-"]
[White "Steven DuCharme"]
[Black "Helga1946"]
[Result "0-1"]
[WhiteCountry "USA"]
[BlackCountry "GER"]
[WhiteElo "1483"]
[WhiteRD "59"]
[BlackElo "2167"]
[BlackRD "75"]
[GameID "444565"]

1. Nf3 Nf6 2. c4 e6 3. g3 d5 4. Bg2 Nc6 5. cxd5 exd5 6. O-O h6 7. b3 Bg4 8. Bb2 Bd6 9. h3 Bf5 10. d3 O-O
11. Nbd2 Re8 12. a3 Ne5 13. Nxe5 Bxe5 14. Bxe5 Rxe5 15. f4 Re3 16. Rf3 Qe7 17. Rxe3 Qxe3+ 18. Kh2 Re8 19. Ra2 Qxe2 20. Qxe2 Rxe2
21. d4 Be4
0-1

[Event "IMMORTALITY BECKONS"]
[Site "SchemingMind.com"]
[Date "2019.08.22"]
[Round "-"]
[White "Phillip Beckett"]
[Black "Steven DuCharme"]
[Result "1-0"]
[WhiteCountry "ENG"]
[BlackCountry "USA"]
[WhiteElo "1508"]
[WhiteRD "49"]
[BlackElo "1538"]
[BlackRD "53"]
[GameID "445025"]

1. d4 Nf6 2. c4 e6 3. Nc3 c5 4. d5 exd5 5. cxd5 d6 6. e4 Be7 7. f4 O-O 8. Nf3 a6 9. Bd3 b5 10. O-O c4
11. Bc2 Nbd7 12. a4 b4 13. Ne2 Qb6+ 14. Kh1 Ng4 15. Ned4 b3 16. Bb1 Bf6 17. e5 dxe5 18. fxe5 Ndxe5 19. Nxe5 Nxe5 20. Nf5 Bxf5
21. Rxf5 g6 22. Rf1 Nd3 23. Bxd3 cxd3 24. Qxd3 Rfd8 25. Be3 Qd6 26. Qxb3 Rab8 27. Qc4 Rb4 28. Qc5 Qxc5 29. Bxc5 Bxb2 30. Bxb4 Bxa1
31. Rxa1 Rxd5 32. Kg1 a5 33. Be1 f5 34. Rb1 Rd4 35. Bxa5 Rxa4 36. Be1 Ra2 37. h3 Kf7 38. Rb7+ Kg8 39. Bc3 Rc2 40. Rg7+ Kf8
41. Rc7 Ke8 42. Be5 Rxc7 43. Bxc7 Kf7 44. Kf2 h6 45. Kf3 Kf6 46. g3 g5 47. Bd8+ Kg6 48. Ke3 h5 49. Kd4
1-0

[Event "IMMORTALITY BECKONS"]
[Site "SchemingMind.com"]
[Date "2019.08.25"]
[Round "-"]
[White "Helga1946"]
[Black "Phillip Beckett"]
[Result "1-0"]
[WhiteCountry "GER"]
[BlackCountry "ENG"]
[WhiteElo "2175"]
[WhiteRD "72"]
[BlackElo "1508"]
[BlackRD "49"]
[GameID "445026"]

1. Nc3 Nf6 2. d4 d5 3. Bg5 e6 4. e4 dxe4 5. Nxe4 Be7 6. Bxf6 Bxf6 7. c3 Be7 8. Nf3 Nd7 9. Qc2 c5 10. dxc5 Nxc5
11. Nxc5 Bxc5 12. Rd1 Qc7 13. Bb5+ Ke7 14. O-O a6 15. Qa4 Qb6 16. Qh4+ f6 17. Bc4 e5 18. Nxe5 Bxf2+ 19. Rxf2 g5 20. Qh6 Bg4
21. Qg7+
1-0

[Event "IMMORTALITY BECKONS"]
[Site "SchemingMind.com"]
[Date "2019.08.21"]
[Round "-"]
[White "kenneth m day"]
[Black "Phillip Beckett"]
[Result "1/2-1/2"]
[WhiteCountry "USA"]
[BlackCountry "ENG"]
[WhiteElo "1692"]
[WhiteRD "51"]
[BlackElo "1497"]
[BlackRD "51"]
[GameID "445027"]

1. e4 e5 2. f4 Qh4+ 3. g3 Qe7 4. d3 exf4 5. Bxf4 d5 6. Nc3 c6 7. Qe2 dxe4 8. dxe4 Nf6 9. Nf3 Bg4 10. Bg2 Nbd7
11. O-O-O O-O-O 12. Qc4 Nb6 13. Rxd8+ Qxd8 14. Qxf7 Qd7 15. Qxd7+ Bxd7 16. Ne5 Be6 17. Rd1 Bb4 18. Bd2 Nc4 19. Nxc4 Bxc4 20. a3 Be7
21. Bh3+ Kc7 22. Bf4+ Kb6 23. Na4+ Ka6 24. e5 Nd5 25. Bf1 Bxf1 26. Rxf1 b5 27. Nc3 Nxc3 28. bxc3 Rf8 29. Kb2 g5 30. Rd1 gxf4
31. Rd7 Bg5 32. Rxh7 fxg3 33. hxg3 Re8 34. Rg7 Rxe5 35. g4 Rc5 36. Rf7 Rc4 37. Rf5 Rxg4 38. Re5 Bf6 39. Rf5 Bg7 40. Rf3 b4
41. axb4 Rxb4+ 42. Ka3 Rb5 43. c4 Ra5+ 44. Kb3 Ra1 45. Kb4 Be5 46. Kc5 Rc1 47. Kxc6 Ra1 48. Re3 Ra5 49. c3 Bh8 50. Rh3 Ra4
51. Rxh8 Rxc4+ 52. Kd5 Rxc3=
1/2-1/2

[Event "IMMORTALITY BECKONS"]
[Site "SchemingMind.com"]
[Date "2019.09.06"]
[Round "-"]
[White "Steven DuCharme"]
[Black "GBEDARD"]
[Result "0-1"]
[WhiteCountry "USA"]
[BlackCountry "USA"]
[WhiteElo "1528"]
[WhiteRD "53"]
[BlackElo "1936"]
[BlackRD "110"]
[GameID "445562"]

1. Nf3 d5 2. e3 Nf6 3. c4 e6 4. cxd5 exd5 5. b3 c6 6. Bb2 Bd6 7. Be2 O-O 8. O-O Re8 9. Na3 a5 10. Rc1 Nbd7
11. d3 Qe7 12. Nc2 Nc5 13. Ncd4 Bd7 14. a4 Ng4 15. h3 Ne5 16. Nxe5 Qxe5 17. g3 Qe7 18. Kg2 Be5 19. Qc2 Na6 20. f4 Bf6
21. Rf3 c5 22. Nb5 b6 23. g4 Bxb2 24. Qxb2 Bxb5 25. axb5 Nb4 26. Kg3 a4 27. bxa4 Rxa4 28. Ra1 Rxa1 29. Qxa1 Nc2 30. Qe5 Qd8
0-1

[Event "IMMORTALITY BECKONS"]
[Site "SchemingMind.com"]
[Date "2019.09.05"]
[Round "-"]
[White "GBEDARD"]
[Black "Phillip Beckett"]
[Result "1-0"]
[WhiteCountry "USA"]
[BlackCountry "ENG"]
[WhiteElo "1936"]
[WhiteRD "110"]
[BlackElo "1497"]
[BlackRD "51"]
[GameID "445563"]

1. e4 e5 2. Nf3 Nc6 3. Bb5 Nf6 4. O-O a6 5. Ba4 Be7 6. Re1 b5 7. Bb3 O-O 8. c3 d5 9. exd5 Nxd5 10. Nxe5 Nxe5
11. Rxe5 Nf6 12. d4 Bd6 13. Re1 Ng4 14. h3 Qh4 15. Qf3 Nxf2 16. Re2 Bb7 17. Qxf2 Bg3 18. Qf1 Kh8 19. Be3 f5 20. Nd2 f4
21. Bf2 f3 22. Bxg3 Qxg3 23. Rf2 h6 24. Re1 Rae8 25. Rxe8 Rxe8 26. Nxf3 Bc8 27. Nh4 Bxh3 28. Rf8+ Rxf8 29. Qxf8+ Kh7 30. Qg8#
1-0

[Event "IMMORTALITY BECKONS"]
[Site "SchemingMind.com"]
[Date "2019.09.06"]
[Round "-"]
[White "GBEDARD"]
[Black "kenneth m day"]
[Result "1-0"]
[WhiteCountry "USA"]
[BlackCountry "USA"]
[WhiteElo "2090"]
[WhiteRD "96"]
[BlackElo "1689"]
[BlackRD "51"]
[GameID "445564"]

1. e4 e5 2. Nf3 Nc6 3. Bb5 a6 4. Ba4 Nf6 5. O-O Be7 6. Re1 b5 7. Bb3 d6 8. c3 O-O 9. h3 Bb7 10. d4 Re8
11. Nbd2 exd4 12. cxd4 Bf8 13. Ng5 Re7 14. e5 dxe5 15. dxe5 Nd5 16. Ndf3 Rd7 17. Nxf7 Kxf7 18. e6+ Kg8 19. exd7 Ne7 20. Ne5 c6
21. Qg4 c5 22. Qe6+
1-0

[Event "IMMORTALITY BECKONS"]
[Site "SchemingMind.com"]
[Date "2019.09.06"]
[Round "-"]
[White "Helga1946"]
[Black "GBEDARD"]
[Result "0-1"]
[WhiteCountry "GER"]
[BlackCountry "USA"]
[WhiteElo "1916"]
[WhiteRD "56"]
[BlackElo "2090"]
[BlackRD "96"]
[GameID "445565"]

1. c4 Nf6 2. d4 e6 3. Qc2 c5 4. dxc5 Bxc5 5. a3 O-O 6. Bf4 d5 7. cxd5 Qb6 8. e3 Nxd5 9. Ne2 Nc6 10. Nd2 Rd8
11. Nc4 Qa6 12. Rd1 Be7 13. Rd2 b5 14. Ne5 Nxe5 15. Bxe5 Bb7 16. e4 Nb6 17. Nc3 Nc4 18. Bxc4 bxc4 19. Bd4 Rd7 20. O-O Rad8
21. Be3 Rxd2 22. Bxd2 Rd3 23. f3 Bc6 24. Kh1 Bf6 25. Ne2 Ba4 26. Qc1 h6 27. Bc3 Bd8 28. Qf4 Qd6 29. Qg4 g6 30. e5 Qd5
31. Qg3 Bb6 32. Re1 Qc5 33. Nf4 Rd1 34. Rxd1 Bxd1 35. Qe1 Bc2 36. Ne2 Qe3 37. Qd2 Qf2 38. Qe1= Qxe1+ 39. Bxe1 Bd3 40. Nc1 Kf8
41. Bd2 g5 42. Na2 Ke8
0-1

[Event "IMMORTALITY BECKONS"]
[Site "SchemingMind.com"]
[Date "2019.09.06"]
[Round "-"]
[White "ray winteringham"]
[Black "Steven DuCharme"]
[Result "0-1"]
[WhiteCountry "ENG"]
[BlackCountry "USA"]
[WhiteElo "1488"]
[WhiteRD "49"]
[BlackElo "1538"]
[BlackRD "53"]
[GameID "445573"]

1. e4 e6 2. d4 d5 3. e5 c5 4. Be3 cxd4 5. Bxd4 a6 6. Bd3 Nc6 7. c3 Nxd4 8. cxd4 Bb4+ 9. Nc3 Bxc3+ 10. bxc3 Qa5
11. Ne2 Bd7 12. O-O Ne7 13. Qb3 Bc6 14. Qc2 h6 15. f4 Bb5 16. Bxb5+ Qxb5 17. Ng3 O-O 18. Rfb1 Qc6 19. Ne2 b5 20. g4 a5
21. a3 b4 22. axb4 axb4 23. Rxa8 Rxa8 24. Rxb4 g6 25. h4 Ra1+ 26. Kg2 Qa6 27. Rb2 Nc6 28. Nc1 Kg7 29. Nb3 Qf1+ 30. Kg3 Re1
31. Qf2 Qh1 32. Qf3 Rg1+ 33. Kf2 Rf1+
0-1

[Event "IMMORTALITY BECKONS"]
[Site "SchemingMind.com"]
[Date "2019.09.07"]
[Round "-"]
[White "GBEDARD"]
[Black "ray winteringham"]
[Result "1-0"]
[WhiteCountry "USA"]
[BlackCountry "ENG"]
[WhiteElo "1936"]
[WhiteRD "110"]
[BlackElo "1479"]
[BlackRD "49"]
[GameID "445574"]

1. e4 e5 2. Nf3 Nc6 3. Bb5 Nge7 4. O-O g6 5. c3 Bg7 6. d4 a6 7. Ba4 O-O 8. d5 Na7 9. Bc2 d6 10. h3 f5
11. a4 c6 12. c4 c5 13. a5 b5 14. axb6 Qxb6 15. Nc3 f4 16. Qd3 Bd7 17. Ba4 Bxa4 18. Nxa4 Qc7 19. Ng5 Qd7 20. Nb6 Qc7
21. Nxa8 Rxa8 22. Rxa6 Qd7 23. Bd2 Rf8 24. Ne6 Rf7 25. Rfa1 Nec8 26. b4 Bf8 27. b5 Qb7 28. Nd8 Qd7 29. Nxf7 Qxf7 30. Qb1
1-0

[Event "IMMORTALITY BECKONS"]
[Site "SchemingMind.com"]
[Date "2019.09.06"]
[Round "-"]
[White "ray winteringham"]
[Black "Phillip Beckett"]
[Result "0-1"]
[WhiteCountry "ENG"]
[BlackCountry "ENG"]
[WhiteElo "1488"]
[WhiteRD "49"]
[BlackElo "1508"]
[BlackRD "49"]
[GameID "445575"]

1. e4 e5 2. Nf3 Nc6 3. Bc4 Nf6 4. d3 Be7 5. Be3 d6 6. h3 h6 7. Nc3 O-O 8. a3 a6 9. O-O Nh7 10. Nh4 Bxh4
11. g3 Be7 12. Kh2 Be6 13. Bxe6 fxe6 14. Qg4 Rf6 15. f4 exf4 16. Bxf4 Qe8 17. Rf3 Rg6 18. Qh5 Nf6 19. Qa5 Nxa5
0-1

[Event "IMMORTALITY BECKONS"]
[Site "SchemingMind.com"]
[Date "2019.09.06"]
[Round "-"]
[White "ray winteringham"]
[Black "kenneth m day"]
[Result "0-1"]
[WhiteCountry "ENG"]
[BlackCountry "USA"]
[WhiteElo "1479"]
[WhiteRD "49"]
[BlackElo "1692"]
[BlackRD "51"]
[GameID "445576"]

1. d4 Nf6 2. Bg5 Ne4 3. Bh4 g5 4. Bg3 Bg7 5. e3 d5 6. Bd3 Nxg3 7. fxg3 O-O 8. Nf3 h6 9. c3 Nd7 10. Nbd2 e5
11. e4 dxe4 12. Nxe4 exd4 13. cxd4 Re8 14. O-O b6 15. Rb1 Bb7 16. Re1 Nf6 17. Qc2 Rc8 18. Red1 Ng4 19. Qe2 f5 20. Ne5 Qxd4+
21. Kh1 Rxe5 22. Rbc1 Bxe4 23. Bc4+ Bd5 24. Rxd4 Rxe2 25. Bxe2 Bxd4
0-1

[Event "IMMORTALITY BECKONS"]
[Site "SchemingMind.com"]
[Date "2019.09.06"]
[Round "-"]
[White "Helga1946"]
[Black "ray winteringham"]
[Result "1-0"]
[WhiteCountry "GER"]
[BlackCountry "ENG"]
[WhiteElo "2175"]
[WhiteRD "72"]
[BlackElo "1488"]
[BlackRD "49"]
[GameID "445577"]

1. c4 b5 2. cxb5 e5 3. d4 exd4 4. Qxd4 Bb7 5. Nc3 Be7 6. Qxg7 Bf6 7. Qg3 d6 8. Qd3 Nd7 9. Qc2 Qe7 10. e3 Bd4
11. Bd2 Bb6 12. a4 c6 13. a5 Bc7 14. a6 Bc8 15. bxc6 Nb6 16. Nf3 Bg4 17. Nb5 Bxf3 18. gxf3 Qf6 19. Nxc7+ Kd8 20. Nxa8 Qxf3
21. c7+
1-0

[Event "IMMORTALITY BECKONS"]
[Site "SchemingMind.com"]
[Date "2019.09.09"]
[Round "-"]
[White "Geoffrey Rosser"]
[Black "Steven DuCharme"]
[Result "1-0"]
[WhiteCountry "ENG"]
[BlackCountry "USA"]
[WhiteElo "1919"]
[WhiteRD "66"]
[BlackElo "1528"]
[BlackRD "53"]
[GameID "445628"]

1. e4 c5 2. c3 Nc6 3. Nf3 d6 4. d4 cxd4 5. cxd4 e6 6. Bd3 Bd7 7. O-O Nf6 8. Nc3 Be7 9. e5 dxe5 10. dxe5 Ng8
11. Bf4 g5 12. Bg3 h5 13. h3 g4 14. hxg4 hxg4 15. Nh2 Nh6 16. Nxg4 Nxg4 17. Qxg4 Kf8 18. Ne4 Bh4 19. f4 Bxg3 20. Qxg3 Qb6+
21. Qf2 Qxf2+ 22. Rxf2 Ke7 23. a3 Rag8 24. Rd1 a6 25. Nf6 Rd8 26. Nxd7 Rxd7 27. Bc2 Rxd1+ 28. Bxd1 Rd8 29. Bf3 a5 30. Rc2 Rc8
31. Kf2 f5 32. Rc5 Kd7 33. g4 Nd4 34. Rxc8 Kxc8 35. Bd1 fxg4 36. Bxg4 Kd7 37. Ke3 Nc6 38. Bf3 Kc7 39. Bxc6 Kxc6 40. f5 exf5
41. Kf4 Kd7 42. Kxf5 Ke7 43. a4
1-0

[Event "IMMORTALITY BECKONS"]
[Site "SchemingMind.com"]
[Date "2019.09.09"]
[Round "-"]
[White "GBEDARD"]
[Black "Geoffrey Rosser"]
[Result "1-0"]
[WhiteCountry "USA"]
[BlackCountry "ENG"]
[WhiteElo "1936"]
[WhiteRD "110"]
[BlackElo "1919"]
[BlackRD "66"]
[GameID "445629"]

1. e4 e5 2. Nf3 Nc6 3. Bb5 a6 4. Ba4 Nf6 5. O-O Be7 6. Re1 b5 7. Bb3 O-O 8. c3 d6 9. h3 Na5 10. Bc2 c5
11. d4 exd4 12. cxd4 c4 13. Nc3 Re8 14. Qe2 Bb7 15. Bf4 Nc6 16. d5 Nb8 17. a4 Bf8 18. axb5 axb5 19. Rxa8 Bxa8 20. Nxb5 Nxd5
21. Bg5 Qc8 22. Qd2 Qc5 23. Ba4 Nb6 24. Be3 Qc6 25. Bxb6 Qxb6 26. Nxd6 Bxd6 27. Bxe8 Bb4 28. Qf4 Qb7 29. Rd1
1-0

[Event "IMMORTALITY BECKONS"]
[Site "SchemingMind.com"]
[Date "2019.09.08"]
[Round "-"]
[White "Geoffrey Rosser"]
[Black "Phillip Beckett"]
[Result "1-0"]
[WhiteCountry "ENG"]
[BlackCountry "ENG"]
[WhiteElo "1919"]
[WhiteRD "66"]
[BlackElo "1497"]
[BlackRD "51"]
[GameID "445630"]

1. e4 e5 2. Nf3 Nc6 3. Bc4 Nf6 4. d3 Be7 5. O-O d6 6. c3 h6 7. Nbd2 O-O 8. a3 Bg4 9. Qc2 Nh7 10. b4 Ng5
11. Nxg5 Bxg5 12. Re1 Kh8 13. Nf1 Bxc1 14. Qxc1 f5 15. Ne3 Qh4 16. f3 Bh5 17. Nxf5 Qf4 18. g4 Qxc1 19. Raxc1 Bf7 20. Bxf7 Rxf7
21. Kg2 Kh7 22. h4 g6 23. Ne3 Raf8 24. Rf1 Ne7 25. c4 Nc6 26. Nc2 Ne7 27. d4 exd4 28. Nxd4 Nc6 29. Nxc6 bxc6 30. Kg3 Rb8
31. f4 Rff8 32. Rcd1 Rbe8 33. e5 dxe5 34. fxe5 Rxf1 35. Rxf1 Rxe5 36. Rf7+ Kg8 37. Rxc7 Re3+ 38. Kf4 Rxa3 39. Rxc6 a5 40. bxa5 Rxa5
41. Rxg6+ Kh7 42. Rc6 Ra1 43. h5 Rf1+ 44. Ke5 Rg1 45. Rg6 Re1+ 46. Kd6 Rd1+ 47. Kc6 Rc1 48. c5 Rc4 49. Kb6 Rb4+ 50. Kc7 Rc4
51. c6 Rc5 52. Kd7 Rd5+ 53. Rd6 Rc5 54. c7
1-0

[Event "IMMORTALITY BECKONS"]
[Site "SchemingMind.com"]
[Date "2019.09.09"]
[Round "-"]
[White "Geoffrey Rosser"]
[Black "kenneth m day"]
[Result "1-0"]
[WhiteCountry "ENG"]
[BlackCountry "USA"]
[WhiteElo "1996"]
[WhiteRD "62"]
[BlackElo "1689"]
[BlackRD "51"]
[GameID "445631"]

1. e4 e5 2. Nf3 Nc6 3. Bc4 Bc5 4. c3 Nf6 5. d3 a6 6. O-O O-O 7. Nbd2 Re8 8. b4 Be7 9. Qb3 Rf8 10. a4 d6
11. Ng5 Be6 12. Bxe6 fxe6 13. Nxe6 Qe8 14. Nxc7+ Qf7 15. Qxf7+ Kxf7 16. Nxa8 Rxa8 17. Nc4 d5 18. Nb6 Rd8 19. Bg5 dxe4 20. Bxf6 Bxf6
21. dxe4 Rd3 22. Nd5 Ke6 23. Rad1 Rxd1 24. Rxd1 Ne7 25. c4 Nc6 26. b5 axb5 27. cxb5 Nd4 28. Kf1 Bd8 29. f4 g6 30. g4 Nf3
31. Kg2 Nd4 32. f5+ gxf5 33. gxf5+
1-0

[Event "IMMORTALITY BECKONS"]
[Site "SchemingMind.com"]
[Date "2019.09.08"]
[Round "-"]
[White "ray winteringham"]
[Black "Geoffrey Rosser"]
[Result "0-1"]
[WhiteCountry "ENG"]
[BlackCountry "ENG"]
[WhiteElo "1488"]
[WhiteRD "49"]
[BlackElo "1883"]
[BlackRD "68"]
[GameID "445632"]

1. e4 e5 2. Nf3 Nc6 3. a3 Nf6 4. Nc3 Be7 5. g3 O-O 6. d4 d5 7. dxe5 Nxe4 8. Bd2 Nxd2 9. Qxd2 Be6 10. Bg2 Qd7
11. O-O-O Rfd8 12. Nd4 Nxe5 13. Kb1 c5 14. Nxe6 fxe6 15. f4 Nc4 16. Qd3 Nb6 17. b3 c4 18. Qf3 Bxa3 19. bxc4 Nxc4 20. Nxd5 exd5
21. Qb3 Qc6 22. Bf1 Qb6 23. Rxd5 Nd2+
0-1

[Event "IMMORTALITY BECKONS"]
[Site "SchemingMind.com"]
[Date "2019.09.13"]
[Round "-"]
[White "Helga1946"]
[Black "Geoffrey Rosser"]
[Result "1-0"]
[WhiteCountry "GER"]
[BlackCountry "ENG"]
[WhiteElo "2235"]
[WhiteRD "64"]
[BlackElo "1919"]
[BlackRD "66"]
[GameID "445633"]

1. Nf3 c5 2. e4 Nc6 3. Bb5 Qb6 4. Bxc6 Qxc6 5. d3 e6 6. b3 Be7 7. Bb2 Nf6 8. O-O O-O 9. Re1 d6 10. h3 b5
11. Nbd2 Bb7 12. Nf1 e5 13. N3d2 Nd7 14. Ne3 Nf6 15. f4 exf4 16. Nf5 Bd8 17. Nxg7 Kxg7 18. Qg4+ Kh8 19. Qxf4 Rg8 20. Bxf6+ Bxf6
21. Qxf6+ Rg7 22. a4 d5 23. Qxc6 Bxc6 24. axb5 Bxb5 25. exd5 Bd7 26. Kh2 h5 27. Ne4 Rg6 28. Nxc5 Bf5 29. Rf1
1-0

[Event "IMMORTALITY BECKONS"]
[Site "SchemingMind.com"]
[Date "2019.09.11"]
[Round "-"]
[White "Steven DuCharme"]
[Black "Greg Magne"]
[Result "1-0"]
[WhiteCountry "USA"]
[BlackCountry "CAN"]
[WhiteElo "1528"]
[WhiteRD "53"]
[BlackElo "1756"]
[BlackRD "85"]
[GameID "445678"]

1. e4 Nf6 2. e5 Nd5 3. b3 d6 4. Bb2 Nc6 5. exd6 exd6 6. h3 Bf5 7. Nf3 Qd7 8. Be2 O-O-O 9. d3 Be7 10. g4 Be6
11. Nbd2 Bf6 12. Bxf6 Nxf6 13. Ng5 h6 14. Nxe6 fxe6 15. O-O g5 16. Ne4 Rdf8 17. c3 Qf7 18. a4 b6 19. f4 gxf4 20. Rxf4 Qg7
21. Nxf6 Rxf6 22. Rxf6 Qxf6 23. d4 Qh4 24. Kg2 h5 25. Qe1 Qg5 26. h4 Qg6 27. Qb1 Qg7 28. g5 e5 29. Qf5+ Kb8 30. Bb5 Nd8
31. a5 exd4 32. axb6 axb6 33. Qd5 c6 34. Qxd6+ Qc7 35. Ra8+
1-0

[Event "IMMORTALITY BECKONS"]
[Site "SchemingMind.com"]
[Date "2019.09.10"]
[Round "-"]
[White "Greg Magne"]
[Black "GBEDARD"]
[Result "0-1"]
[WhiteCountry "CAN"]
[BlackCountry "USA"]
[WhiteElo "1756"]
[WhiteRD "85"]
[BlackElo "1936"]
[BlackRD "110"]
[GameID "445679"]

1. e4 g6 2. d4 Bg7 3. c4 e6 4. Nc3 Ne7 5. f4 O-O 6. Nf3 d5 7. cxd5 exd5 8. e5 Bg4 9. Be2 Nf5 10. O-O Nc6
11. h3 Bxf3 12. Bxf3 Ncxd4 13. Bxd5 c6 14. Be4 f6 15. g4 Ng3 16. Rf2 Nxe4 17. Nxe4 fxe5 18. Bd2 exf4 19. Rxf4 Qe7 20. Rxf8+ Rxf8
21. Nf2 Qe5 22. Bc3 Qg3+
0-1

[Event "IMMORTALITY BECKONS"]
[Site "SchemingMind.com"]
[Date "2019.09.10"]
[Round "-"]
[White "Phillip Beckett"]
[Black "Greg Magne"]
[Result "1/2-1/2"]
[WhiteCountry "ENG"]
[BlackCountry "CAN"]
[WhiteElo "1497"]
[WhiteRD "51"]
[BlackElo "1756"]
[BlackRD "85"]
[GameID "445680"]

1. d4 d5 2. c4 c6 3. cxd5 cxd5 4. Nc3 Nf6 5. Bg5 h6 6. Bh4 Nc6 7. Nf3 a6 8. e3 Bg4 9. Be2 g5 10. Bg3 Bg7
11. h3 Bh5 12. Nh2 Bg6 13. Ng4 O-O 14. Nxf6+ Bxf6 15. Bd3 Kg7 16. Bxg6 fxg6 17. Qb3 b5 18. Qxd5 Nb4 19. Qxd8 Raxd8 20. O-O Nd3
21. b3 e5 22. dxe5 Nxe5 23. Rad1 g4 24. Ne4 gxh3 25. gxh3 Nc6 26. Nxf6 Kxf6 27. Rfe1 Nb4 28. f4 Nc2 29. Rxd8 Rxd8 30. Rc1 Nxe3
31. Rc6+ Kg7 32. Kf2 Nf5 33. Rc7+ Kf6 34. Rc6+ Kf7 35. Rxa6 Rd2+ 36. Ke1 Rd3 37. Bf2 Rxh3 38. Ra7+ Ke6 39. Ra6+ Kf7 40. Ra7+ Ke6
41. Ra6+ Kf7
1/2-1/2

[Event "IMMORTALITY BECKONS"]
[Site "SchemingMind.com"]
[Date "2019.09.10"]
[Round "-"]
[White "Greg Magne"]
[Black "ray winteringham"]
[Result "1-0"]
[WhiteCountry "CAN"]
[BlackCountry "ENG"]
[WhiteElo "1810"]
[WhiteRD "88"]
[BlackElo "1488"]
[BlackRD "49"]
[GameID "445681"]

1. e4 e5 2. f4 exf4 3. Bc4 Bc5 4. Nf3 d6 5. d4 Bb6 6. Bxf4 Bg4 7. O-O Qf6 8. Be3 Nc6 9. c3 Qe7 10. Qb3 Nf6
11. Ng5 Bh5 12. Nd2 O-O-O 13. Bxf7 g6 14. Rae1 Kb8 15. Bd5 Nxd5 16. exd5 Na5 17. Qc2 Qd7 18. Ne6 Bg4 19. Nxd8 Rxd8 20. b3 Qb5
21. c4 Qd7 22. b4 Bf5 23. Qc3 Nxc4 24. Nxc4 a6 25. Nxb6 cxb6 26. Bf4 Ka7 27. Bg3 Qb5 28. Re7 Qxd5 29. Qc7 Qxd4+ 30. Bf2 Qd5
31. Bxb6+
1-0

[Event "IMMORTALITY BECKONS"]
[Site "SchemingMind.com"]
[Date "2019.09.13"]
[Round "-"]
[White "Greg Magne"]
[Black "Helga1946"]
[Result "0-1"]
[WhiteCountry "CAN"]
[BlackCountry "GER"]
[WhiteElo "1810"]
[WhiteRD "88"]
[BlackElo "2175"]
[BlackRD "72"]
[GameID "445682"]

1. e4 e5 2. Nf3 Nf6 3. Nxe5 Qe7 4. d4 Nc6 5. Nxc6 Qxe4+ 6. Be2 dxc6 7. O-O Be6 8. Bf3 Qg6 9. Kh1 Bd6 10. Nc3 O-O-O
11. Be3 h5 12. a3 Ng4 13. h3 Nxe3 14. fxe3 Qg3 15. Kg1 Bc4 16. Ne2 Bxe2 17. Bxe2 Qxe3+ 18. Kh1 Qg3 19. Kg1 Qh2+ 20. Kf2 Bg3+
21. Kf3 Bf4 22. c3 Qg3+ 23. Ke4 Qe3+ 24. Kf5 Rd5#
0-1

[Event "IMMORTALITY BECKONS"]
[Site "SchemingMind.com"]
[Date "2019.09.10"]
[Round "-"]
[White "Greg Magne"]
[Black "Geoffrey Rosser"]
[Result "1/2-1/2"]
[WhiteCountry "CAN"]
[BlackCountry "ENG"]
[WhiteElo "1756"]
[WhiteRD "85"]
[BlackElo "1919"]
[BlackRD "66"]
[GameID "445683"]

1. d4 Nf6 2. c4 g6 3. Nc3 d5 4. cxd5 Nxd5 5. e4 Nxc3 6. bxc3 Bg7 7. Be3 O-O 8. Nf3 c5 9. Bc4 Nc6 10. O-O Bg4
11. d5 Ne5 12. Be2 Nxf3+ 13. Bxf3 Bxf3 14. Qxf3 Bxc3 15. Rac1 Bd4 16. Bxd4 cxd4 17. h3 Qa5 18. Qb3 b5 19. Rfd1 Rac8 20. Rc2 Rxc2
21. Qxc2 Qc3 22. Qd2 Rc8 23. Qxd4 Qxd4 24. Rxd4 a5 25. f4 Rc1+ 26. Kh2 Rc2 27. e5 Kf8 28. d6 exd6 29. exd6 Ke8 30. Rd5 Rb2
31. a4 Kd7 32. axb5 a4 33. b6 h5 34. Ra5 Kxd6 35. Rxa4 Rxb6 36. Kg3= Ke6 37. Kf3 Rb3+ 38. Kf2 Kf5 39. g3 Rb5 40. Kf3 Rb3+
41. Kf2 Rb2+=
1/2-1/2

[Event "IMMORTALITY BECKONS"]
[Site "SchemingMind.com"]
[Date "2019.09.10"]
[Round "-"]
[White "Greg Magne"]
[Black "kenneth m day"]
[Result "0-1"]
[WhiteCountry "CAN"]
[BlackCountry "USA"]
[WhiteElo "1733"]
[WhiteRD "89"]
[BlackElo "1689"]
[BlackRD "51"]
[GameID "445684"]

1. d4 Nf6 2. c4 e5 3. dxe5 Ng4 4. Bf4 g5 5. Bg3 Bg7 6. Nf3 Nc6 7. Nc3 Ngxe5 8. Nxe5 Nxe5 9. e3 Qe7 10. Be2 d6
11. O-O Be6 12. Rc1 O-O 13. b3 f5 14. h3 c6 15. Qc2 Rad8 16. f4 gxf4 17. exf4 Nd7 18. Rfe1 Qf6 19. Bf3 Rfe8 20. Ne2 Bf7
21. Rcd1 Kh8 22. Nd4 Rxe1+ 23. Bxe1 Bg6 24. Bf2 Nc5 25. Re1 Bh6 26. g3 Ne4 27. Bxe4 fxe4 28. Be3 d5 29. cxd5 Rxd5 30. Qc4 Bg7
31. Ne2 Qe7 32. Nc3 Rd3 33. Nd1 Qd7 34. Nf2 Rc3 35. Qb4 b6 36. Rd1 Qc7 37. Bd4 Rxg3+ 38. Kh2 Qxf4 39. Bxg7+ Kxg7 40. Qd2 e3
41. Qc3+ Kh6
0-1

[Event "IMMORTALITY BECKONS"]
[Site "SchemingMind.com"]
[Date "2019.09.11"]
[Round "-"]
[White "Steven DuCharme"]
[Black "John Hamer"]
[Result "1/2-1/2"]
[WhiteCountry "USA"]
[BlackCountry "ENG"]
[WhiteElo "1528"]
[WhiteRD "53"]
[BlackElo "1930"]
[BlackRD "69"]
[GameID "445685"]

1. c4 Nf6 2. g3 g6 3. Bg2 Bg7 4. Nc3 O-O 5. Nf3 d5 6. cxd5 Nxd5 7. Nxd5 Qxd5 8. O-O Nc6 9. a3 a5 10. Ne1 Qb5
11. Rb1 Nd4 12. d3 Be6 13. b4 Bg4 14. f3 Bd7 15. Be3 Nf5 16. Bd2 Rfc8 17. bxa5 Qa6 18. e4 Nh6 19. Qb3 Rab8 20. h3 Qa7+
21. Kh2 Bc6 22. f4 b6 23. axb6 Rxb6 24. Qc2 Qxa3 25. Bb4 Rxb4 26. Rxb4 Qxb4 27. Qxc6 e6 28. f5 Qe7 29. g4 Rf8 30. Nf3 gxf5
31. exf5 Rb8 32. Qe4 Rb4 33. Qa8+ Bf8 34. Ne5 f6 35. Nc6 Qd6+ 36. Kh1 Rf4 37. Rxf4 Qxf4 38. fxe6=
1/2-1/2